| 000 | 00434nam a22001217a 4500 | ||
|---|---|---|---|
| 999 |
_c10149 _d10149 |
||
| 003 | OSt | ||
| 008 | 201218b ||||| |||| 00| 0 eng d | ||
| 245 | _aIndian Journal of Computer Simulation | ||
| 250 | _a2013(Jan-Jul Vol.1 No.1) 2014(Jan-Dec Vol.2 No.1-2) 2015(Jun Vol.3 No.1, Dec Vol.3 No.2) 2016(Jun Vol.4 No.1, Dec Vol.4 No.2) | ||
| 260 |
_aNew Delhi _bOcean Research Journals |
||
| 650 | _aInformation Technology | ||
| 942 |
_2ddc _cBV |
||